000 00455nam a2200157 a 4500
001 3665
005 20140414131905.0
008 060922s19uu xx 00 eng d
020 _a0-440-49727-2
050 _aFIC
_bSn9 1972
100 _aSnyder, Zilpha Keatley
245 _aThe withches of worm /
_cby Zilpha Keatley Snyder.
260 _aNew York :
_bBantam doubleday dellbooks for young reader,
_cc1972.
300 _a183 p. ; cm.
999 _c110922
_d110922